[Event "Rheinland Pfalz Seniors op"]
[Site "Altenkirchen"]
[Date "2023.09.10"]
[Round "6"]
[White "Hotz, Herbert"]
[Black "Hehemann, Hein Peter"]
[Result "1/2-1/2"]
[WhiteElo "1596"]
[BlackElo "1466"]
[PlyCount "70"]
[EventDate "2023.09.05"]
[EventType "swiss"]
[EventRounds "9"]
[EventCountry "GER"]
[SourceTitle "EXT 2024"]
[Source "ChessBase"]
[SourceDate "2023.10.10"]
[SourceVersion "1"]
[SourceVersionDate "2023.10.10"]
[SourceQuality "1"]

1. c4 e6 2. Nf3 Nf6 3. g3 d5 4. b3 c5 5. Bg2 Nc6 6. 0-0 Be7 7. e3 Ne4 8. Bb2 Bf6 9. Bxf6 Qxf6 10. Na3 a6 11. Ne1 Nxd2 12. cxd5 exd5 13. Nf3 Nxf1 14. Kxf1 0-0 15. Nc2 Be6 16. Nce1 Rad8 17. Nd3 b6 18. Rc1 Bf5 19. Nf4 Be4 20. h3 d4 21. exd4 Nxd4 22. Nxd4 Bxg2+ 23. Kxg2 Rxd4 24. Qf1 Qc6+ 25. Kg1 b5 26. Qe1 Re8 27. Qc3 Red8 28. Qe1 h6 29. Kh2 Rd2 30. Qe3 Rxa2 31. Rxc5 Qd6 32. Rd5 Qb8 33. Qd4 Rxd5 34. Nxd5 Re2 35. Nf6+ Kh8 1/2-1/2

[Event "Altenkirchen Seniors op 19th"]
[Site "Altenkirchen"]
[Date "2022.07.27"]
[Round "9"]
[White "Schowalter, Gerd"]
[Black "Hehemann, Hein Peter"]
[Result "1/2-1/2"]
[WhiteElo "1812"]
[BlackElo "1478"]
[PlyCount "82"]
[EventDate "2022.07.19"]
[EventType "swiss"]
[EventRounds "9"]
[EventCountry "GER"]
[SourceTitle "EXT 2023"]
[Source "ChessBase"]
[SourceDate "2022.10.05"]
[SourceVersion "1"]
[SourceVersionDate "2022.10.05"]
[SourceQuality "1"]

1. e4 c6 2. Nf3 d5 3. exd5 cxd5 4. d4 Bg4 5. Be2 Bxf3 6. Bxf3 e6 7. 0-0 Nf6 8. Bg5 Nbd7 9. c3 Bd6 10. Qd2 Qc7 11. h3 0-0 12. a4 a5 13. b4 Ne4 14. Bxe4 dxe4 15. Na3 Rfc8 16. Nb5 Qc6 17. Nxd6 Qxd6 18. Bf4 Qc6 19. Rfc1 Nb6 20. b5 Qc4 21. Qa2 Nd5 22. Qxc4 Rxc4 23. Bd2 Rac8 24. Ra3 f5 25. g3 Re8 26. Kg2 e5 27. dxe5 Rxe5 28. Bf4 Nxf4+ 29. gxf4 Re8 30. Rd1 Rec8 31. Rd7 R4c7 32. Rxc7 Rxc7 33. Kf1 b6 34. Ke2 Kf7 35. Ke3 Rc4 36. f3 Kf6 37. fxe4 Rxe4+ 38. Kf3 h6 39. h4 Rc4 40. Ke3 Re4+ 41. Kf3 Rc4 1/2-1/2